Kryptoanalýza prúdových šifier Snow 2.0, Snow 3G a Sosemanuk : dát. obhaj. 17.5.2012, č. ved. odb. 9-1-9
Gespeichert in:
| 1. Verfasser: | |
|---|---|
| Weitere Verfasser: | |
| Format: | Manuskript Buch |
| Sprache: | Slowakisch |
| Veröffentlicht: |
Bratislava :
STU v Bratislave FEI,
2012
|
| Schlagworte: | |
| Online-Zugang: | VAIS |
| Tags: |
Keine Tags, Fügen Sie das erste Tag hinzu!
|
MARC
| LEADER | 00000ntm a22000003a 4500 | ||
|---|---|---|---|
| 001 | stu246999 | ||
| 005 | 20150617230156.2 | ||
| 008 | 120524s2012----xo------------------slo-d | ||
| 040 | |a STU |b slo | ||
| 041 | 0 | |a slo | |
| 044 | |a xo | ||
| 100 | 1 | |a Böhm, Patrik, |d 1972- |4 aut |u E |T FEI Fakulta elektrotechniky a informatiky |X 55398 |U E |Y 30 |7 A000055398 | |
| 242 | 0 | 0 | |a Cryptanalysis of stream ciphers |y eng |
| 245 | 1 | |a Kryptoanalýza prúdových šifier Snow 2.0, Snow 3G a Sosemanuk : |b dát. obhaj. 17.5.2012, č. ved. odb. 9-1-9 | |
| 260 | |a Bratislava : |b STU v Bratislave FEI, |c 2012 | ||
| 300 | |a 129 s | ||
| 650 | 7 | |a Applied Mathematics |2 estusub | |
| 650 | 7 | |a kryptoanalýza |2 stusub | |
| 700 | 1 | |a Nemoga, Karol, |d 1953- |4 ths |u E200 |U FEI Fakulta elektrotechniky a informatiky |T FEI Katedra aplikovanej informatiky a výpočtovej techniky |X 3637 |U E200 |Y 67 |7 A000003637 | |
| 856 | 4 | |a info a plný text |u http://is.stuba.sk/zp/portal_zp.pl?podrobnosti=64294 |3 VAIS | |
| 996 | |b 284ED01363 |c E*ZP-227 |l EE01 |s A |a 24 |w stu246999_0001 | ||